Представление документа в формате MARC21

Поле Инд. ПП Название Значение
Тип записи a
Библиографический уровень m
001 Контрольный номер 88786c61-536b-468c-86c3-5c87f96bc592
005 Дата корректировки 20140226204143.8
008 Кодируемые данные 990615 d
020 c Цена, тираж 10.75
040 a Служба первич. каталог. НБ ТвГУ
041 a Код языка текста укр
080 a Индекс УДК 343.85(477)
a Индекс УДК 343.102(477)
084 a Индекс другой классификации/Индекс ББК Х629.14
090 c Каталожный индекс Х629.14
x Авторский знак Л77
a Полочн. индекс Х629.1
100 1_ a Автор Лопушанський Федор Андреевич
245 0_ a Заглавие Запобiгання злочинам органами попереднього слiдства
c Ответственность [Вiд. ред. I.П. Лановенко]; АН УРСР. Iн-т держави i права
c Ответственность Iн-т держави i права АН УРСР
260 0_ a Место издания Киiв
b Издательство Наук. думка
c Дата издания 1973
300 a Объем 172,[3] с.
583 a Действие Получение впервые 272 15.04.99
k Исполнитель действия Дар Ларина А.М.
650 a Основная рубрика Преступления
x Основная подрубрика Предупреждение
650 a Основная рубрика Следователи
z Географическая подрубрика Украина
653 a Ключевые слова Органы предварительного следствия
a Ключевые слова Преступления
a Ключевые слова Предупреждение преступлений
a Ключевые слова Органы следствия Украины
a Ключевые слова Профилактика преступлений
700 1_ a Другие авторы Лановенко I.П.
e Роль лиц отв. ред.
852 t Порядковый номер экземпляра 1
p Инвентарный номер 709337
888 a Бесплатные
952 p 272.99 10.75 1 709337
c Вид литературы К иу
954 a Дата поступления на обработку 19990426
999 a Подразделение 2 Фил1